000 00675nam a2200217Ia 4500
003 OSt
005 20230616151244.0
008 210423s2017 xx 000 0 und d
020 _a978-93-5202-298-4
040 _cAL
041 _aeng
082 _a332.1753
_223
_bDESD
100 _aDESAI (Vasant)
_996290
245 _aDevelopment banking and financial intermediaries: new challenges new initiatives
260 _aMumbai
_bHimalaya Publishing House
_c2017
300 _axx,658
_bPB
365 _b798
_cINR
650 _aFinancial Economics
_996291
906 _abanking ; challenges ; Development ; financial ; initiatives ; intermediaries: ; new
942 _2ddc
_cBK
999 _c170799
_d170799